Statistics for 飛鳥Ⅱ(2024年クルーズ)寄港地

Click here to take the quiz!

General Stats

  • This quiz has been taken 6 times
  • The average score is 15 of 26

Answer Stats

月日国名Answer% Correct
4/5日本横浜
100%
5/12ポルトガルリスボン
100%
7/13日本横浜
100%
6/25カナダバンクーバー
100%
6/11パナマパナマ運河通航
100%
6/3-4アメリカニューヨーク
100%
6/1アメリカボストン
100%
4/6日本神戸
100%
7/14日本神戸
100%
4/29エジプトスエズ運河通航
100%
4/13シンガポールシンガポール
100%
5/9フランスマルセイユ
83%
6/7バハマナッソー
67%
5/21ドイツハンブルク
67%
7/2-7/3アメリカホノルル
67%
5/23-5/24イギリスドーバー
50%
5/19ベルギーアントワープ
50%
5/5イタリアメッシーナ
17%
5/14スペインビーゴ
17%
5/16-5/17フランスオンフルール
0%
5/3ギリシャピレウス
0%
5/7イタリアチビタベッキア
0%
4/23オマーンサラーラ
0%
6/14コスタリカプンタレナス
0%
6/16グアテマラプエルトケッツァル
0%
4/19インドコーチン
0%

Score Distribution

Percentile by Number Answered

Percent of People with Each Score

Your Score History

You have not taken this quiz